000 00841cam a22002175a 4500
001 L137538
008 070413s2007 xxk f 000 0 eng d
035 _a(Sirsi) u137538
041 0 _aeng
110 2 _aScottish Property Network
_93513
245 0 0 _aAll Scotland industrial March 2007
_h[electronic resource]
260 _c2007
490 0 _aAll Scotland Industrial
_vMarch 2007
520 _aProvides statistics for the top 40 agents by number of instructions, by floorspace available, by number of transactions and by floorspace let or sold.
590 _aKA
651 4 _aScotland
_y1999-
690 _aPROPERTY-INDUSTRIAL PROPERTY
690 _aPROPERTY-COMMERCIAL PROPERTY-COMMERCIAL PROPERTY MARKET
856 4 0 _uhttps://www.scottishproperty.com/
_zView the item free of charge at www.scottishproperty.com...
942 _n0
999 _c106810
_d106810